| 000 | 00392nam a2200145 i 4500 | ||
|---|---|---|---|
| 001 | 88400 | ||
| 003 | ES-MaACL | ||
| 005 | 20230906175843.0 | ||
| 007 | t| | ||
| 008 | 050104s1923 zzz ||||1| spa d | ||
| 100 | 1 |
_aLamo de Espinosa, José María. _969863 |
|
| 245 | 1 | 3 |
_aEl aceite italiano / _cJosé María Lamo de Espinosa. |
| 260 |
_a[S.l. : _bs.n.], _c1923. |
||
| 852 |
_aES-MaACL _j1643-F-8 |
||
| 999 |
_c88400 _d88400 |
||